000 nam a22 7a 4500
999 _c43835
_d43835
003 OSt
005 20180224170033.0
008 180224b xxu||||| |||| 00| 0 eng d
040 _cSERO SOFT
100 _aAHUJA,RAM
245 _aSAMAJIK SAMASAYAA
260 _aNEW DELHI
_bRAWAT PUBLICATION
300 _a482
942 _2ddc
_c02